| 000 | 01051nam a22002297a 4500 | ||
|---|---|---|---|
| 999 |
_c7731 _d7731 |
||
| 003 | AR-CdUCM | ||
| 008 | 190321b ||||| |||| 00| 0 spa d | ||
| 040 |
_aMUNICIPALIDAD PROVINCIAL DEL CUSCO _cBIBLIOTECA MUNICIPAL DEL CUSCO |
||
| 082 |
_a152.2 / _bR31 |
||
| 100 |
_aRead, Herbert _921837 |
||
| 245 |
_aImagen e idea : _ba función del arte en el desarrollo de la conciencia humana / |
||
| 260 |
_aMéxico, D.F : _bFondo de Cultura Económica, _c1957. |
||
| 300 |
_a239 páginas ; _b88 p. de láms. ilustraciones, retratos, _c17 cm. |
||
| 440 |
_aBreviarios del Fondo de Cultura Económica _n127 _921838 |
||
| 500 | _aTitulo original: Icon and idea: the function of art in the development of human consciousness. | ||
| 505 | _aContenido: La imagen vital -- El descubrimiento de la belleza -- Los símbolos de lo desconocido -- Lo humano como lo ideal -- La ilusión de lo irreal ... | ||
| 650 |
_aArte _9561 |
||
| 650 |
_aPsicología _91538 |
||
| 700 |
_aFlores Sánchez, Horacio (Traductor) _921839 |
||
| 942 |
_2ddc _cLIBROS |
||
| 945 | _araen | ||